书目信息 |
| 题名: |
三家草書千字文
|
|
| 作者: | ;齐鲁书社 编 | |
| 分册: | ||
| 出版信息: | 济南 齐鲁书社 2015 |
|
| 页数: | 126页 | |
| 开本: | 30cm | |
| 丛书名: | ||
| 单 册: | ||
| 中图分类: | J292.34 | |
| 科图分类: | ||
| 主题词: | 草书--法书--中国--古代 | |
| 电子资源: | ||
| ISBN: | 978-7-5333-3183-2 | |
| 000 | 00744nam0 2200229 450 | |
| 001 | 2371069502 | |
| 005 | 20231206194753.33 | |
| 010 | @a978-7-5333-3183-2@dCNY25.00 | |
| 100 | @a20150507d2015 em y0chiy50 ea | |
| 101 | 0 | @achi |
| 102 | @aCN@b370000 | |
| 105 | @ah z 000yy | |
| 200 | 1 | @a三家草書千字文@Asan jia cao shu qian zi wen@f齊魯書社編 |
| 210 | @a济南@c齐鲁书社@d2015 | |
| 215 | @a126页@c摹真@d30cm | |
| 330 | @a本书收录了中国历史上两位僧人和一位皇帝的作品, 包括智永的《真草千字文》, 怀素的《大草千字文》, 宋徽宗的《草书千字文》。 | |
| 518 | 1 | @a三家草书千字文 |
| 606 | 0 | @a草书@x法书@y中国@z古代 |
| 690 | @aJ292.34@v5 | |
| 711 | 02 | @a齐鲁书社@Aqi lu shu she@4编 |
| 801 | 0 | @aCN@b湖北三新@c20150507 |
| 905 | @aBZT@dJ292.34@e71 | |
| 三家草書千字文/齊魯書社編.-济南:齐鲁书社,2015 |
| 126页:摹真;30cm |
| ISBN 978-7-5333-3183-2:CNY25.00 |
| 本书收录了中国历史上两位僧人和一位皇帝的作品, 包括智永的《真草千字文》, 怀素的《大草千字文》, 宋徽宗的《草书千字文》。 |
| ● |
| 相关链接 |
|
|
|
正题名:三家草書千字文
索取号:J292.34/71
 
预约/预借
| 序号 | 登录号 | 条形码 | 馆藏地/架位号 | 状态 | 备注 |
| 1 | 2001341908 | 2001341908 | 三新/湖北三新(第三批)/1736/ [索取号:J292.34/71] | 在馆 | |
| 2 | 2001341909 | 2001341909 | 三新/湖北三新(第三批)/1736/ [索取号:J292.34/71] | 在馆 | |
| 3 | 2001341910 | 2001341910 | 三新/湖北三新(第三批)/1736/ [索取号:J292.34/71] | 在馆 | |
| 4 | 2001341911 | 2001341911 | 三新/湖北三新(第三批)/1736/ [索取号:J292.34/71] | 在馆 | |
| 5 | 2001341912 | 2001341912 | 三新/湖北三新(第三批)/1736/ [索取号:J292.34/71] | 在馆 | |
| 6 | 2001341913 | 2001341913 | 三新/湖北三新(第三批)/1736/ [索取号:J292.34/71] | 在馆 | |
| 7 | 2001341914 | 2001341914 | 三新/湖北三新(第三批)/1736/ [索取号:J292.34/71] | 在馆 | |
| 8 | 2001341915 | 2001341915 | 三新/湖北三新(第三批)/1736/ [索取号:J292.34/71] | 在馆 | |
| 9 | 2001341916 | 2001341916 | 三新/湖北三新(第三批)/1736/ [索取号:J292.34/71] | 在馆 | |
| 10 | 2001341917 | 2001341917 | 三新/湖北三新(第三批)/1736/ [索取号:J292.34/71] | 在馆 | |
| 11 | 2001341918 | 2001341918 | 三新/湖北三新(第三批)/1737/ [索取号:J292.34/71] | 在馆 | |
| 12 | 2001341919 | 2001341919 | 三新/湖北三新(第三批)/1737/ [索取号:J292.34/71] | 在馆 | |
| 13 | 2001341920 | 2001341920 | 三新/湖北三新(第三批)/1737/ [索取号:J292.34/71] | 在馆 | |
| 14 | 2001341921 | 2001341921 | 三新/湖北三新(第三批)/1737/ [索取号:J292.34/71] | 在馆 | |
| 15 | 2001341922 | 2001341922 | 三新/湖北三新(第三批)/1737/ [索取号:J292.34/71] | 在馆 | |
| 16 | 2001341923 | 2001341923 | 三新/湖北三新(第三批)/1737/ [索取号:J292.34/71] | 在馆 | |
| 17 | 2001341924 | 2001341924 | 三新/湖北三新(第三批)/1737/ [索取号:J292.34/71] | 在馆 | |
| 18 | 2001341925 | 2001341925 | 三新/湖北三新(第三批)/1737/ [索取号:J292.34/71] | 在馆 | |
| 19 | 2001341926 | 2001341926 | 三新/湖北三新(第三批)/1737/ [索取号:J292.34/71] | 在馆 | |
| 20 | 2001341927 | 2001341927 | 三新/湖北三新(第三批)/1737/ [索取号:J292.34/71] | 在馆 | |
| 21 | 2001341928 | 2001341928 | 三新/湖北三新(第三批)/1737/ [索取号:J292.34/71] | 在馆 | |
| 22 | 2001341929 | 2001341929 | 三新/湖北三新(第三批)/1737/ [索取号:J292.34/71] | 在馆 | |
| 23 | 2001341930 | 2001341930 | 三新/湖北三新(第三批)/1737/ [索取号:J292.34/71] | 在馆 | |
| 24 | 2001341931 | 2001341931 | 三新/湖北三新(第三批)/1737/ [索取号:J292.34/71] | 在馆 | |
| 25 | 2001341932 | 2001341932 | 三新/湖北三新(第三批)/1737/ [索取号:J292.34/71] | 在馆 | |
| 26 | 2001341933 | 2001341933 | 三新/湖北三新(第三批)/1737/ [索取号:J292.34/71] | 在馆 | |
| 27 | 2001341934 | 2001341934 | 三新/湖北三新(第三批)/1737/ [索取号:J292.34/71] | 在馆 | |
| 28 | 2001341935 | 2001341935 | 三新/湖北三新(第三批)/1737/ [索取号:J292.34/71] | 在馆 | |
| 29 | 2001341936 | 2001341936 | 三新/湖北三新(第三批)/1737/ [索取号:J292.34/71] | 在馆 | |
| 30 | 2001341937 | 2001341937 | 三新/湖北三新(第三批)/1737/ [索取号:J292.34/71] | 在馆 |